000 00723nam a2200229 a 4500
005 20240810063813.0
008 050622s19701998 000 eng d
020 _a9682707463 (Obras de Carlos Fuentes)
020 _a9682700868 (Teatro del volador)
035 _aUPN01000140245
049 _aCG
050 4 _aPQ7297 F9.8
_bT8.3
100 1 _aFuentes, Carlos,
_d1928-2012
245 1 3 _aEl tuerto es rey /
_cCarlos Fuentes.
260 _aMéxico :
_bJoaquín Mortiz,
_c1970 (1998 impr.).
300 _a127 p. :
_bfots.
440 0 _aObras de Carlos Fuentes.
_vTeatro
440 0 _aTeatro del volador
650 4 _aLiteratura mexicana
_ySiglo XX
_95344
650 4 _aTeatro mexicano
_ySiglo XX
_914583
905 _aLibro
999 _c112393
_d112393